| 000 | 00860cam a22002055i 4500 | ||
|---|---|---|---|
| 020 | _a9789251068397 | ||
| 020 | _a9251068399 | ||
| 040 | _cBTCTA | ||
| 082 | 0 | 4 | _a630 FOO A038 Or. |
| 245 | 0 | 3 |
_aAn international consultation on integrated crop-livestock systems for development : _bthe way forward for sustainable production intensification. |
| 300 |
_axii, 63 pages ; _c25 cm. |
||
| 490 | 1 | _aIntegrated crop management, | |
| 500 | _aBased on an electronic consultation with various groups and individuals as well as a face-to-face consultation held in Sete Lagaos, Brazil, March 23-26, 2010. | ||
| 650 | 0 | _aIntegrated agricultural systems. | |
| 650 | 0 | _aSustainable agriculture. | |
| 650 | 7 | _aIntegrated agricultural systems. | |
| 650 | 7 | _aSustainable agriculture. | |
| 710 | 2 | _aFood and Agriculture Organization of the United Nations. | |
| 942 | _cEK | ||
| 999 |
_c11406 _d11406 |
||